| 000 | 00835nam a2200301Ia 4500 | ||
|---|---|---|---|
| 008 | 160803s9999 xx 000 0 und d | ||
| 020 | _a0 439799139 | ||
| 100 | _aCleary, Beverly | ||
| 245 | _aTwo times the fun / | ||
| 245 | _cBeverly Cleary ; illustrated by Carol Thompson. | ||
| 260 | _aNew York : | ||
| 260 | _bScholastic Inc. | ||
| 260 | _c2005 | ||
| 300 | _a92 pages : | ||
| 300 | _billustrations ; | ||
| 300 | _c21 cm | ||
| 500 | _aReprint: Originally published: New York : HarperCollins Publishers, ©2005. | ||
| 650 | _aBrothers and sisters -- | ||
| 650 | _aBrothers and sisters -- | ||
| 650 | _aBrothers and sisters. | ||
| 650 | _aTwins -- | ||
| 650 | _aTwins -- | ||
| 650 | _xFiction. | ||
| 650 | _xFiction. | ||
| 650 | _xJuvenile fiction. | ||
| 650 | _xJuvenile fiction. | ||
| 700 | _a550 | ||
| 999 |
_c298558 _d298558 |
||